000 00518nam a2200181Ia 4500
008 150610s9999 xx 000 0 und d
020 _a9780440240730
050 _aPZ7
_b.P196e 2006  
100 _aPaolini, Christopher
245 _aEragon /
_cChristopher Paolini.
260 _aNew York :
_bLaurel-Leaf,
_c2006.
300 _a754pages :
_billustrations ;
_c18 cm.
440 _aInheritance; bk. 1
_vv.1
520 _aFiction.
650 _aMagic
_xFiction.
650 _aYouths' writings
650 _bFantasy
999 _c287877
_d287877